Movies Quiz

Random Movies or Actor Quiz

Were They in Harry Potter? Quiz Stats

Quiz Updated Apr 17, 2015

Challenge
Share
Tweet
Score 0/24 Timer 04:00
22 Plays Today
% Correct
There's no mistaking, that's Mr. Filch (David Bradley)
91.7%
Yes! Still completely crazy, that's Bellatrix Lestrange (Helena Bonham Carter)
91.2%
Yes! That's Hufflepuff's brilliant student, Cedric Diggory (Robert Pattinson)
89.8%
Yes, that's grumpy old Professor Snape (Alan Rickman)
87.5%
No indeed! It seems John Goodman couldn't even make his way to Hufflepuff!
87.2%
One does not simply walk into an Harry Potter movie (Sean Bean)
82%
No, although Liam Aiken was considered for the part of Harry Potter
81.6%
Yes! That is Peter Pettigrew (Timothy Spall)
81.1%
Indeed! Lord Voldemort went on to work as a conciƩrge (Ralph Fiennes)
79.4%
Yes, that is Barty Crouch Jr. (David Tennant)
79%
He might not remember it, but that's Professor Lockhart (Kenneth Branagh)
78.6%
No, indeed. Sir Ian McKellen never set foot in Hogwarts
75.4%
% Correct
'I predicted you would guess this one!' said Prof. Trelawney (Emma Thompson)
71.9%
Well done! That's Professor Remus Lupin, looking Riddikulus! (David Thewlis)
70.5%
You weren't fooled by the round glasses! (Aaron Taylor-Johnson)
68.4%
Yes! That's everyone's favourite godfather, Sirius Black (Gary Oldman)
67.4%
Rosamund Pike was offered the role of Rita Skeeter but rejected it.
66.3%
Indeed, that's Professor Horace Slughorn! (Jim Broadbent)
62.9%
No! Dame Judi Dench was nowhere near the magical world
62.3%
Yes, that's Draco's mommy, Narcissa Malfoy (Helen McCrory)
58.9%
Well done! That's Minister for Magic Rufus Scrimgeour (Bill Nighy)
49.2%
Still evil after all these years, Pam Ferris also plays Marge Dursley
45.6%
Yes! Verne Troyer also plays Griphook in the Philosopher's Stone
40.9%
Yes! Michelle Fairley starred briefly as Mrs. Granger in Deathly Hallows:Part 1
38.4%

You're not logged in!

Compare scores with friends on all Sporcle quizzes.
Sign Up with Email
OR
Log In

You Might Also Like...

Show Comments

Extras

Top Quizzes Today


Score Distribution

Your Account Isn't Verified!

In order to create a playlist on Sporcle, you need to verify the email address you used during registration. Go to your Sporcle Settings to finish the process.